[Event "RUS-Cup8"]
[Site "Smolensk"]
[Date "1997.??.??"]
[Round "7"]
[White "Landa, Konstantin"]
[Black "Vaulin, Alexander"]
[Result "0-1"]
[WhiteElo "2570"]
[BlackElo "2490"]
[PlyCount "80"]
[EventDate "1997.06.13"]
[Source "ChessBase"]
[SourceDate "1997.07.29"]

1. e4 c5 2. Nf3 d6 3. d4 cxd4 4. Nxd4 Nf6 5. f3 Nc6 6. c4 Nxd4 7. Qxd4 g6 8. Be3 Bg7 9. Be2 O-O 10. Qd2 Be6 11. O-O Rc8 12. Na3 Nd7 13. Rac1 a5 14. b3 Nc5 15. Nc2 Bd7 16. Rfd1 Qc7 17. Kh1 Ra8 18. Bg5 Bc6 19. Ne3 Rfe8 20. Nd5 Bxd5 21. cxd5 Qd7 22. Be3 b6 23. Qe1 Rf8 24. Qf1 f5 25. Bb5 Qc8 26. exf5 Qxf5 27. Bc6 Rab8 28. Bd4 Bxd4 29. Rxd4 Qe5 30. Rd2 Qg5 31. Rcc2 Rf5 32. Qe1 Rbf8 33. Re2 Nd3 34. Qd2 Qf6 35. Rc3 Rxf3 36. gxf3 Qxf3+ 37. Rg2 Qf1+ 38. Rg1 Nf2+ 39. Qxf2 Qxf2 40. a4 Qe2 0-1

[Event "St Petersburg-Paris"]
[Site "Paris"]
[Date "1996.??.??"]
[Round "3"]
[White "Prie, Eric"]
[Black "Sakaev, Konstantin"]
[Result "1/2-1/2"]
[WhiteElo "2500"]
[BlackElo "2560"]
[PlyCount "24"]
[EventDate "1996.02.??"]
[Source "ChessBase"]

1. e4 c5 2. Nf3 d6 3. d4 cxd4 4. Nxd4 Nf6 5. f3 Nc6 6. c4 Qb6 7. Nc2 e6 8. Nc3 a6 9. Be2 Be7 10. Rb1 O-O 11. Be3 Qc7 12. O-O b6 1/2-1/2